MARC details
| 000 -CABECERA |
| campo de control de longitud fija |
01797nam a2200241 a 4500 |
| 001 - NÚMERO DE CONTROL |
| campo de control |
000037640 |
| 005 - FECHA Y HORA DE LA ÚLTIMA TRANSACCIÓN |
| campo de control |
20250701135406.0 |
| 008 - DATOS DE LONGITUD FIJA--INFORMACIÓN GENERAL |
| campo de control de longitud fija |
121023s2012 dr ad 000 0 spa d |
| 040 ## - FUENTE DE LA CATALOGACIÓN |
| Centro catalogador/agencia de origen |
DO-SdBNP |
| Lengua de catalogación |
spa |
| Centro/agencia transcriptor |
BNPHU |
| 082 ## - NÚMERO DE LA CLASIFICACIÓN DECIMAL DEWEY |
| Número de clasificación |
658.404 |
| Número de documento/Ítem |
R311me |
| 245 00 - MENCIÓN DE TÍTULO |
| Título |
Recopilación de los mejores proyectos : |
| Resto del título |
libro conmemorativo 2011. |
| 260 ## - PUBLICACIÓN, DISTRIBUCIÓN, ETC. |
| Lugar de publicación, distribución, etc. |
Santo Domingo : |
| Nombre del editor, distribuidor, etc. |
ODEBRECHT , |
| Fecha de publicación, distribución, etc. |
[2012]. |
| 300 ## - DESCRIPCIÓN FÍSICA |
| Extensión |
307 p. : |
| Otras características físicas |
il., gráfcs. ; |
| Dimensiones |
23 cm. |
| 504 ## - NOTA DE BIBLIOGRAFÍA, ETC. |
| Nota de bibliografía, etc. |
Incluye bibliografía y notas al pie de páginas y al final de capítulos. |
| 505 0# - NOTA DE CONTENIDO CON FORMATO |
| Título |
Reutilización de escombros para la fabricación de agregado fino en la ciudad de Santo Domingo -- |
| -- |
Aprovechamiento sostenible de escombros en la construcción de edificaciones -- |
| -- |
Producción de energía y abono orgánico a partir de la instalación de biodigestores en granjas porcinas. Caso: Agropecuaria Suárez Rufino, La Vega -- |
| -- |
Energía eléctrica usando la energía potencial del tránsito vial para suplir a los semáforos y señales de tránsito -- |
| -- |
-H20 (menos agua) -- |
| -- |
Nevera solar -- |
| -- |
Green Services Provider: Sistema de distribución sostenible de energías renovables -- |
| -- |
Escuela pública sostenible: proposición de un modelo innovador ecofuncional en la República Dominicana -- |
| -- |
Propuesta para un edificio energizado y climatizado con aerotoberas, como modelo sostenible para villas estudiantiles en la República Dominicana. |
| 586 ## - NOTA DE PREMIOS |
| Nota de premios |
Premio ODEBRECHT para el desarrollo sostenible República Dominicana - 2011. |
| 590 ## - NOTA LOCAL (RLIN) |
| Nota local |
Inventariado, 2018/ YL |
| 650 #4 - PUNTO DE ACCESO ADICIONAL DE MATERIA--TÉRMINO DE MATERIA |
| Término de materia o nombre geográfico como elemento de entrada |
Evaluación de proyectos |
| Subdivisión general |
Aspectos económicos |
| 9 (RLIN) |
6642 |
| 650 #4 - PUNTO DE ACCESO ADICIONAL DE MATERIA--TÉRMINO DE MATERIA |
| Término de materia o nombre geográfico como elemento de entrada |
Desarrollo experimental |
| 9 (RLIN) |
20597 |
| 650 #0 - PUNTO DE ACCESO ADICIONAL DE MATERIA--TÉRMINO DE MATERIA |
| Término de materia o nombre geográfico como elemento de entrada |
Proyectos de desarrollo económico |
| 9 (RLIN) |
6643 |
| 650 #4 - PUNTO DE ACCESO ADICIONAL DE MATERIA--TÉRMINO DE MATERIA |
| Término de materia o nombre geográfico como elemento de entrada |
Desarrollo sostenible |
| Subdivisión general |
Innovaciones tecnológicas |
| 9 (RLIN) |
64113 |
| 910 ## - DATOS DE OPCIÓN DEL USUARIO (OCLC) |
| Datos de opción del usuario |
Validado. Control de calidad EMS |